UK construction industry in overdrive (Record no. 117624)

MARC details
000 -LEADER
fixed length control field 01538cam a2200277 4500
001 - CONTROL NUMBER
control field WB4025-01
008 - FIXED-LENGTH DATA ELEMENTS--GENERAL INFORMATION
fixed length control field 040630n2004 000 0 eng u
035 ## - SYSTEM CONTROL NUMBER
System control number (Sirsi) u126653
245 ## - TITLE STATEMENT
Title UK construction industry in overdrive
260 ## - PUBLICATION, DISTRIBUTION, ETC.
Date of publication, distribution, etc. 2004
490 ## - SERIES STATEMENT
Series statement RICS Press Release
Volume/sequential designation (pr063)1 July 2004 (3)
520 ## - SUMMARY, ETC.
Summary, etc. The "RICS construction market survey United Kingdom" for the second quarter 2004 shows industry confidence close to record levels and workloads hitting new highs. 30% more surveyors reported a rise in work than a fall for the construction industry overall. Virtually all industry sub-sectors have been buoyant in the second quarter: private house building with 40% of surveyors reporting rises, public housing with 21%, public non-housing work with 31% and private commercial building with 38%. Rising interest rates and costs are seen as the only potential brakes on the industry at the moment. The survey is available at http://www.rics.org/resources/economic_analysis/co nstruction_market_survey.html. http://www.rics.org/ricscms/bin/show?class=PressRe lease&template=/includes/showpr.html&id=1196&facul ty=RICS
590 ## - LOCAL NOTE (RLIN)
Local note WB
590 ## - LOCAL NOTE (RLIN)
Local note WB
650 ## - SUBJECT ADDED ENTRY--TOPICAL TERM
Topical term or geographic name entry element INTEREST RATES
650 ## - SUBJECT ADDED ENTRY--TOPICAL TERM
Topical term or geographic name entry element CONSTRUCTION COSTS
650 ## - SUBJECT ADDED ENTRY--TOPICAL TERM
Topical term or geographic name entry element CONSTRUCTION INDUSTRY
650 ## - SUBJECT ADDED ENTRY--TOPICAL TERM
Topical term or geographic name entry element PRIVATE HOUSING
650 ## - SUBJECT ADDED ENTRY--TOPICAL TERM
Topical term or geographic name entry element PUBLIC NON-HOUSING
650 ## - SUBJECT ADDED ENTRY--TOPICAL TERM
Topical term or geographic name entry element PUBLIC HOUSING
650 ## - SUBJECT ADDED ENTRY--TOPICAL TERM
Topical term or geographic name entry element PRIVATE COMMERCIAL
650 ## - SUBJECT ADDED ENTRY--TOPICAL TERM
Topical term or geographic name entry element MARKET SURVEYS
650 ## - SUBJECT ADDED ENTRY--TOPICAL TERM
Topical term or geographic name entry element RICS MARKET SURVEYS
690 ## - LOCAL SUBJECT ADDED ENTRY--TOPICAL TERM (OCLC, RLIN)
Topical term or geographic name as entry element BUILDING AND CONSTRUCTION-MARKET
942 ## - ADDED ENTRY ELEMENTS (KOHA)
Suppress in OPAC 0
Holdings
Withdrawn status Lost status Source of classification or shelving scheme Damaged status Not for loan Home library Current library Shelving location Date acquired Total Checkouts Full call number Barcode Date last seen Copy number Price effective from Koha item type
    Dewey Decimal Classification     London London News article 30/06/2004   WB4025-01 126653-1001 06/08/2019 1 06/08/2019 News article